000 01147cam a2200217 4500
001 WB@3612-723
008 040922n2004 000 0 eng u
035 _a(Sirsi) u127488
245 _aBoost for the North
260 _c2004
490 _aODPM News Release
_v(2004/0225) 20 September 2004 (4)
520 _aA new £100m growth fund to help drive forward a groundbreaking vision for the economic renaissance of northern England, has been launched by the three Northern Regional Development Agencies and the Deputy Prime Minister. "Moving forward: the northern way" is a growth strategy to boost prosperity across the north to close a £29bn productivity gap with the rest of the country. The aim is to create more jobs, investment and opportunities for the 15m people living in the regions. For further details see: http://www.thenorthernway.co.uk/. http://www.odpm.gov.uk/pns/DisplayPN.cgi?pn_id=200 4_0225
590 _aWB
590 _aWB
650 _aNORTH-SOUTH DIVIDE
650 _aSUSTAINABLE COMMUNITIES
650 _aREGIONAL DEVELOPMENT AGENCIES
650 _aNORTHERN ENGLAND
690 _aREGENERATION
942 _n0
999 _c118031
_d118031